| 000 | 00674nam a2200217 i 4500 | ||
|---|---|---|---|
| 001 | 102678 | ||
| 003 | ES-MaACL | ||
| 005 | 20230906183146.0 | ||
| 007 | t| | ||
| 008 | 051124s1969 pr ||||1| spa d | ||
| 080 | _a070.15(729.5) | ||
| 100 | 1 |
_aPedreira, Antonio S. _989899 |
|
| 245 | 1 | 3 |
_aEl periodismo en Puerto Rico / _cAntonio S. Pedreira. |
| 260 |
_aRío Piedras : _bEdil, _c1969. |
||
| 300 |
_a558 p. ; _c21 cm. |
||
| 490 | 1 |
_aObras completas de Antonio S. Pedreira ; _v5 |
|
| 650 | 1 | 4 |
_aPeriodismo- _zPuerto Rico. _915953 |
| 830 | 0 |
_aObras completas de Antonio S. Pedreira ; _v5 _9232532 |
|
| 852 |
_aES-MaACL _jE-11128 _bR.136837 |
||
| 999 |
_c102678 _d102678 |
||